[Event "Rio de Janeiro Estadual op"]
[Site "Rio de Janeiro"]
[Date "2024.05.30"]
[Round "1"]
[White "Manzi, Luiz Antonio Bardao"]
[Black "Silva, Guilherme de Moura"]
[Result "1/2-1/2"]
[WhiteElo "1975"]
[BlackElo "1816"]
[PlyCount "69"]
[EventDate "2024.05.30"]
[EventType "swiss"]
[EventRounds "6"]
[EventCountry "BRA"]
[SourceTitle "CBM 220 Extra"]
[Source "ChessBase"]
[SourceDate "2024.07.31"]
[SourceVersion "1"]
[SourceVersionDate "2024.07.31"]
[SourceQuality "1"]

1. Nf3 c5 2. g3 Nc6 3. Bg2 e6 4. c4 Nf6 5. 0-0 d5 6. cxd5 exd5 7. d4 h6 8. Nc3 Be6 9. Re1 Be7 10. h3 0-0 11. Be3 cxd4 12. Nxd4 Qd7 13. Kh2 Rfd8 14. Rc1 Rac8 15. Rf1 a6 16. Qd3 Ne5 17. Qb1 Nc4 18. Rcd1 Nxe3 19. fxe3 Bd6 20. Rc1 Nh5 21. Rf3 Bxg3+ 22. Kg1 Bxh3 23. Rcf1 Bxg2 24. Kxg2 Qg4 25. Qf5 Qg5 26. Qxf7+ Kh8 27. Ne6 Qg4 28. Qf5 Qxf5 29. Rxf5 Re8 30. Rxh5 Rxe6 31. Kxg3 Rxe3+ 32. Rf3 Rxf3+ 33. Kxf3 Rf8+ 34. Kg3 d4 35. Nd1 1/2-1/2

[Event "Rio de Janeiro op 3rd"]
[Site "Rio de Janeiro"]
[Date "2024.04.26"]
[Round "7"]
[White "Reimberg, Arthur Bernardo"]
[Black "Manzi, Luiz Antonio Bardao"]
[Result "0-1"]
[WhiteElo "1695"]
[BlackElo "1975"]
[PlyCount "64"]
[EventDate "2024.04.22"]
[EventType "swiss"]
[EventRounds "9"]
[EventCountry "BRA"]
[SourceTitle "CBM 219 Extra"]
[Source "ChessBase"]
[SourceDate "2024.05.31"]
[SourceVersion "1"]
[SourceVersionDate "2024.05.31"]
[SourceQuality "1"]

1. e4 Nf6 2. e5 Nd5 3. d4 d6 4. c4 Nb6 5. Nf3 g6 6. h3 Bg7 7. Nc3 Nc6 8. exd6 cxd6 9. Be3 0-0 10. Be2 d5 11. c5 Nc4 12. Bxc4 dxc4 13. Qe2 Nxd4 14. Bxd4 Bxd4 15. Qxc4 Bxc3+ 16. Qxc3 Qc7 17. 0-0 Bd7 18. Rfe1 Rfe8 19. Ne5 Be6 20. a4 Rac8 21. Rac1 Red8 22. c6 bxc6 23. Qxc6 Qa5 24. Qe4 Rxc1 25. Rxc1 Qd2 26. Qc2 Qf4 27. Re1 Rd5 28. Re4 Qf6 29. Ng4 Bxg4 30. hxg4 Qg5 31. Qc6 Rd1+ 32. Kh2 Qh4# 0-1

[Event "Rio de Janeiro op 3rd"]
[Site "Rio de Janeiro"]
[Date "2024.04.25"]
[Round "6"]
[White "Manzi, Luiz Antonio Bardao"]
[Black "Lopes, Eduardo Moraes"]
[Result "1/2-1/2"]
[WhiteElo "1975"]
[BlackElo "1880"]
[PlyCount "65"]
[EventDate "2024.04.22"]
[EventType "swiss"]
[EventRounds "9"]
[EventCountry "BRA"]
[SourceTitle "CBM 219 Extra"]
[Source "ChessBase"]
[SourceDate "2024.05.31"]
[SourceVersion "1"]
[SourceVersionDate "2024.05.31"]
[SourceQuality "1"]

1. Nf3 d5 2. g3 Nf6 3. Bg2 e6 4. d4 Be7 5. 0-0 0-0 6. c3 c5 7. e3 Nc6 8. Nbd2 Qc7 9. Re1 b5 10. a3 Bd7 11. Qe2 Rfc8 12. b3 a5 13. Bb2 c4 14. b4 Ra7 15. e4 Rca8 16. exd5 Nxd5 17. Ne4 axb4 18. cxb4 c3 19. Bxc3 Rxa3 20. Rac1 Qa7 21. Ne5 Ncxb4 22. Nxd7 Qxd7 23. Bxb4 Bxb4 24. Nc5 Bxc5 25. dxc5 Ra2 26. c6 Rxe2 27. cxd7 Rxe1+ 28. Rxe1 Kf8 29. Bxd5 exd5 30. Re5 Rd8 31. Rxd5 b4 32. Rb5 Rxd7 33. Rxb4 1/2-1/2

[Event "Rio de Janeiro op 3rd"]
[Site "Rio de Janeiro"]
[Date "2024.04.24"]
[Round "4"]
[White "Manzi, Luiz Antonio Bardao"]
[Black "Mesquita, Arnaldo Leite"]
[Result "1-0"]
[WhiteElo "1975"]
[BlackElo "1821"]
[PlyCount "63"]
[EventDate "2024.04.22"]
[EventType "swiss"]
[EventRounds "9"]
[EventCountry "BRA"]
[SourceTitle "CBM 219 Extra"]
[Source "ChessBase"]
[SourceDate "2024.05.31"]
[SourceVersion "1"]
[SourceVersionDate "2024.05.31"]
[SourceQuality "1"]

1. Nf3 Nf6 2. g3 c5 3. Bg2 Nc6 4. 0-0 g6 5. d3 Bg7 6. c4 0-0 7. Nc3 e5 8. Bg5 h6 9. Bxf6 Bxf6 10. Nd2 d6 11. Rb1 Bg7 12. a3 f5 13. Nd5 Rb8 14. b4 cxb4 15. axb4 Ne7 16. Qa4 a6 17. b5 Bd7 18. Qb4 Be6 19. Rfc1 Bxd5 20. Bxd5+ Nxd5 21. cxd5 Bf6 22. Nc4 Be7 23. b6 Qd7 24. e3 f4 25. Nd2 fxe3 26. fxe3 Qf5 27. Ne4 Qf3 28. Qd2 Bg5 29. Nxg5 hxg5 30. e4 Rbc8 31. Rf1 Qg4 32. Kg2 1-0

[Event "Rio de Janeiro op 3rd"]
[Site "Rio de Janeiro"]
[Date "2024.04.23"]
[Round "2"]
[White "Manzi, Luiz Antonio Bardao"]
[Black "De Siqueira, Luigy Lira"]
[Result "1-0"]
[WhiteElo "1975"]
[BlackElo "2274"]
[PlyCount "89"]
[EventDate "2024.04.22"]
[EventType "swiss"]
[EventRounds "9"]
[EventCountry "BRA"]
[SourceTitle "CBM 219 Extra"]
[Source "ChessBase"]
[SourceDate "2024.05.31"]
[SourceVersion "1"]
[SourceVersionDate "2024.05.31"]
[SourceQuality "1"]

1. Nf3 d5 2. g3 c5 3. Bg2 Nc6 4. 0-0 e5 5. d3 Be7 6. Nbd2 h5 7. e4 d4 8. Nc4 Qc7 9. a4 h4 10. Ne1 hxg3 11. fxg3 Be6 12. Qf3 0-0-0 13. b3 f6 14. Qf2 Qd7 15. Bd2 Nh6 16. Bxh6 Rxh6 17. Nf3 Rdh8 18. Ncd2 Kb8 19. Rfb1 Nd8 20. Nf1 Nf7 21. Nh4 Nd6 22. a5 g5 23. Nf5 Bxf5 24. exf5 Qxf5 25. Qd2 Qh7 26. a6 b6 27. Qe2 Rxh2 28. Nxh2 Qxh2+ 29. Kf2 Rh3 30. Qf3 e4 31. dxe4 g4 32. Qf4 Kc8 33. Rh1 Nxe4+ 34. Qxe4 Qxg3+ 35. Ke2 Qe3+ 36. Qxe3 Rxe3+ 37. Kd2 c4 38. Bb7+ Kd7 39. bxc4 Bb4+ 40. Kc1 f5 41. Rb1 Bc3 42. Rxb6 f4 43. Rg6 Bb4 44. Rh7+ Be7 45. Rxg4 1-0

[Event "Rio de Janeiro Estadual-ch"]
[Site "Rio de Janeiro"]
[Date "2023.10.15"]
[Round "6"]
[White "Manzi, Luiz Antonio Bardao"]
[Black "Souza, Iago Henrique Da Si"]
[Result "1-0"]
[WhiteElo "1949"]
[BlackElo "2068"]
[PlyCount "51"]
[EventDate "2023.10.12"]
[EventType "swiss"]
[EventRounds "6"]
[EventCountry "BRA"]
[SourceTitle "EXT 2025"]
[Source "ChessBase"]
[SourceDate "2024.10.14"]
[SourceVersion "1"]
[SourceVersionDate "2024.10.14"]
[SourceQuality "1"]

1. Nf3 Nf6 2. g3 g6 3. b3 Bg7 4. Bb2 0-0 5. Bg2 d6 6. 0-0 e5 7. d3 Nc6 8. Nbd2 Nh5 9. e4 f5 10. h3 fxe4 11. dxe4 Qf6 12. Qe2 Be6 13. c4 b6 14. Rad1 h6 15. Nh2 Qe7 16. Ng4 Qd7 17. Kh2 Rf7 18. Ne3 Nf4 19. gxf4 exf4 20. Bxg7 fxe3 21. Bxh6 exd2 22. Qxd2 Rh7 23. Qg5 Kf7 24. f4 Rah8 25. f5 gxf5 26. exf5 1-0

[Event "Rio de Janeiro Estadual-ch"]
[Site "Rio de Janeiro"]
[Date "2023.10.14"]
[Round "3"]
[White "Calcada, Bruno Ramalho"]
[Black "Manzi, Luiz Antonio Bardao"]
[Result "0-1"]
[WhiteElo "1353"]
[BlackElo "1949"]
[PlyCount "84"]
[EventDate "2023.10.12"]
[EventType "swiss"]
[EventRounds "6"]
[EventCountry "BRA"]
[SourceTitle "EXT 2025"]
[Source "ChessBase"]
[SourceDate "2024.10.14"]
[SourceVersion "1"]
[SourceVersionDate "2024.10.14"]
[SourceQuality "1"]

1. e4 Nf6 2. Nf3 Nxe4 3. Bc4 d5 4. Qe2 e6 5. d3 Nf6 6. Bb3 Be7 7. 0-0 0-0 8. d4 b6 9. c3 Ba6 10. c4 Nc6 11. Re1 Na5 12. Ne5 dxc4 13. Bc2 Bb7 14. Nxc4 Nxc4 15. Qxc4 Qd5 16. Qf1 Qxd4 17. Nc3 Qh4 18. Re3 Rad8 19. Rh3 Qg4 20. Rg3 Qb4 21. Qe2 g6 22. Bh6 Rfe8 23. Bb3 Bf8 24. Bg5 Bg7 25. h4 h6 26. Bd2 Qxh4 27. Rh3 Qg4 28. f3 Qd4+ 29. Be3 Qd3 30. Qf2 h5 31. Bc2 Qd7 32. Qg3 Nd5 33. Rd1 Qd6 34. Qf2 Qb4 35. Bd4 Nf4 36. Bxg7 Nxh3+ 37. gxh3 Rxd1+ 38. Nxd1 Kxg7 39. a3 Qf4 40. Kg2 Rd8 41. Ne3 Bxf3+ 42. Qxf3 Rd2+ 0-1

[Event "Rio de Janeiro Estadual-ch"]
[Site "Rio de Janeiro"]
[Date "2023.10.12"]
[Round "1"]
[White "Laba, Otavio De Souza"]
[Black "Manzi, Luiz Antonio Bardao"]
[Result "0-1"]
[WhiteElo "1793"]
[BlackElo "1949"]
[PlyCount "80"]
[EventDate "2023.10.12"]
[EventType "swiss"]
[EventRounds "6"]
[EventCountry "BRA"]
[SourceTitle "EXT 2025"]
[Source "ChessBase"]
[SourceDate "2024.10.14"]
[SourceVersion "1"]
[SourceVersionDate "2024.10.14"]
[SourceQuality "1"]

1. e4 Nf6 2. e5 Nd5 3. d4 d6 4. exd6 cxd6 5. c4 Nb6 6. Nf3 g6 7. Nc3 Bg7 8. Be2 0-0 9. 0-0 Nc6 10. h3 Bf5 11. Be3 d5 12. c5 Nc4 13. Bxc4 dxc4 14. d5 Nb4 15. a3 Nc2 16. Rc1 Nxe3 17. fxe3 Bd3 18. e4 Bxf1 19. Qxf1 Qa5 20. Qxc4 Rac8 21. Nb5 Bxb2 22. Rc2 Bg7 23. Qb4 Qxb4 24. axb4 a6 25. Nbd4 Rfd8 26. c6 b5 27. Kf2 e6 28. Rc5 Bf8 29. c7 Rd7 30. dxe6 fxe6 31. Rc6 Bxb4 32. Nxe6 Rd6 33. Nfd4 Rxc6 34. Nxc6 Ba3 35. Na7 Bc5+ 36. Nxc5 Rxc7 37. Nxa6 Rxa7 38. Nc5 b4 39. Ke3 b3 40. Kd3 b2 0-1

[Event "Rio de Janeiro op 04"]
[Site "Rio de Janeiro"]
[Date "2023.04.30"]
[Round "4"]
[White "Manzi, Luiz Antonio Bardao"]
[Black "Rangel, Daniel"]
[Result "0-1"]
[WhiteElo "1933"]
[BlackElo "2193"]
[PlyCount "90"]
[EventDate "2023.04.29"]
[EventType "swiss"]
[EventRounds "6"]
[EventCountry "BRA"]
[SourceTitle "CBM 214 Extra"]
[Source "ChessBase"]
[SourceDate "2023.07.31"]
[SourceVersion "1"]
[SourceVersionDate "2023.07.31"]
[SourceQuality "1"]

1. Nf3 Nf6 2. g3 g6 3. Bg2 Bg7 4. d4 0-0 5. 0-0 d6 6. c4 c6 7. Nc3 Bf5 8. Re1 Ne4 9. Nh4 Nxc3 10. bxc3 Be6 11. Qd3 Nd7 12. f4 Nb6 13. d5 cxd5 14. cxd5 Bd7 15. Be3 Rc8 16. Bd4 Bxd4+ 17. cxd4 Ba4 18. Rec1 Qd7 19. e4 Rxc1+ 20. Rxc1 Rc8 21. Rxc8+ Qxc8 22. Qd2 Qc2 23. Qxc2 Bxc2 24. e5 Bb1 25. f5 Bxa2 26. f6 Kf8 27. Nf3 exf6 28. exf6 h6 29. Nd2 Ke8 30. Ne4 Kd7 31. Nc3 Bc4 32. Kf2 Kc7 33. Ke3 Nd7 34. Bf3 Nxf6 35. g4 b5 36. Be2 Bxe2 37. Kxe2 b4 38. Nb5+ Kb6 39. Nxd6 Nxd5 40. Nxf7 Kb5 41. Kd3 a5 42. Nxh6 a4 43. Nf7 a3 44. Nd6+ Ka4 45. Ne4 a2 0-1

[Event "Rio de Janeiro Duchamp op 4th"]
[Site "Rio de Janeiro"]
[Date "2022.12.10"]
[Round "5"]
[White "Manzi, Luiz Antonio Bardao"]
[Black "Maia, Erick de Figueiredo"]
[Result "0-1"]
[WhiteElo "1984"]
[BlackElo "1727"]
[PlyCount "158"]
[EventDate "2022.12.07"]
[EventType "swiss"]
[EventRounds "9"]
[EventCountry "BRA"]
[SourceTitle "CBM 211 Extra"]
[Source "ChessBase"]
[SourceDate "2023.01.31"]
[SourceVersion "1"]
[SourceVersionDate "2023.01.31"]
[SourceQuality "1"]

1. Nf3 d5 2. b3 c5 3. Bb2 Nc6 4. g3 Nf6 5. Bg2 e6 6. 0-0 Be7 7. e3 0-0 8. d4 cxd4 9. exd4 b6 10. Nbd2 Ba6 11. Re1 Rc8 12. c3 Bd3 13. Ne5 Nxe5 14. dxe5 Nd7 15. Qf3 Bg6 16. Qe2 Nc5 17. Red1 Nd3 18. Nf3 Nxb2 19. Qxb2 Qc7 20. Rac1 b5 21. Re1 Qa5 22. b4 Qb6 23. Nd4 Bd3 24. a3 Rc7 25. Qd2 Bg6 26. h4 h6 27. Bf1 a6 28. Bh3 Rfc8 29. Kh2 a5 30. Bf1 axb4 31. axb4 Rc4 32. Bxc4 Rxc4 33. Nb3 f6 34. Na5 Rc8 35. exf6 Bxf6 36. Nb3 Rc4 37. Nc5 Be4 38. Qe3 Qd6 39. Kg1 Bf5 40. Kg2 d4 41. cxd4 Bxd4 42. Qf4 Qc6+ 43. Kh2 Bc3 44. Qb8+ Kh7 45. Rxc3 Rxc3 46. Qe5 Rc2 47. Re2 Rc1 48. Ne4 Qc4 49. Nd2 Qg4 50. Re1 Rxe1 51. Qxe1 Qxb4 52. Qe3 Qb2 53. Nf3 b4 54. Ne5 Qc3 55. g4 Qxe3 56. fxe3 b3 57. Nc4 Bxg4 58. Kg3 Be2 59. Nb2 e5 60. Kf2 Bg4 61. Kg3 Bf5 62. Kf3 Bc2 63. Nc4 g5 64. hxg5 hxg5 65. Kg4 Kh6 66. Nb2 Kg6 67. Nc4 Bd1+ 68. Kg3 Kf5 69. Nd6+ Ke6 70. Nc4 Be2 71. Nb2 Kd5 72. Kf2 Bb5 73. Kf3 Bd7 74. Kf2 Ke4 75. Nc4 Be6 76. Nb2 g4 77. Ke2 g3 78. Na4 Bc4+ 79. Kd2 g2 0-1

[Event "Rio de Janeiro Estadual Cup"]
[Site "Rio de Janeiro"]
[Date "2022.07.23"]
[Round "2"]
[White "Manzi, Luiz Antonio Bardao"]
[Black "Souza, Iago Henrique Da Si"]
[Result "0-1"]
[WhiteElo "1992"]
[BlackElo "2055"]
[PlyCount "100"]
[EventDate "2022.07.23"]
[EventType "swiss"]
[EventRounds "6"]
[EventCountry "BRA"]
[SourceTitle "EXT 2023"]
[Source "ChessBase"]
[SourceDate "2022.10.05"]
[SourceVersion "1"]
[SourceVersionDate "2022.10.05"]
[SourceQuality "1"]

1. Nf3 d5 2. g3 Nf6 3. Bg2 Bg4 4. b3 Nbd7 5. Bb2 e6 6. 0-0 Be7 7. d3 0-0 8. Nbd2 c6 9. Re1 a5 10. a4 b5 11. e4 Nb6 12. axb5 cxb5 13. h3 Bh5 14. g4 Bg6 15. Ne5 Qc7 16. Nxg6 hxg6 17. exd5 exd5 18. Nf3 Bb4 19. Re2 a4 20. Be5 Bd6 21. Bxd6 Qxd6 22. Nd2 Rac8 23. Nf1 d4 24. Ng3 Nbd5 25. Bxd5 Nxd5 26. bxa4 Nc3 27. Ne4 Nxe2+ 28. Qxe2 Qb4 29. axb5 Qb2 30. Ra7 Rxc2 31. Qf3 Qxb5 32. g5 Rc1+ 33. Kg2 Qb1 34. Rb7 Qa1 35. Kh2 Qa4 36. h4 Qc6 37. Kg2 Qe6 38. h5 gxh5 39. Qxh5 Re1 40. Qf3 Qg6 41. Qg3 Re8 42. Rd7 R8xe4 43. dxe4 Qxe4+ 44. f3 Qc2+ 45. Kh3 Rh1+ 46. Kg4 f5+ 47. gxf6 Qg6+ 48. Kf4 Qxf6+ 49. Kg4 Qe6+ 50. Kg5 Qxd7 0-1

[Event "Rio de Janeiro Estadual-ch"]
[Site "Rio de Janeiro"]
[Date "2021.11.14"]
[Round "3"]
[White "Manzi, Luiz Antonio Bardao"]
[Black "Morais, Wagner Soares"]
[Result "0-1"]
[WhiteElo "2046"]
[BlackElo "1834"]
[PlyCount "86"]
[EventDate "2021.11.13"]
[EventType "swiss"]
[EventRounds "6"]
[EventCountry "BRA"]
[SourceTitle "CBM 205 Extra"]
[Source "ChessBase"]
[SourceDate "2022.01.31"]
[SourceVersion "1"]
[SourceVersionDate "2022.01.31"]
[SourceQuality "1"]

1. Nf3 g6 2. d4 Bg7 3. c4 Nf6 4. Nc3 0-0 5. e4 c5 6. d5 b5 7. cxb5 a6 8. h3 d6 9. Bd3 axb5 10. Bxb5 Nxe4 11. Nxe4 Qa5+ 12. Nc3 Bxc3+ 13. bxc3 Qxb5 14. Bh6 Re8 15. Qe2 Qxe2+ 16. Kxe2 Ba6+ 17. Ke3 Bc4 18. Rhd1 Rxa2 19. Rxa2 Bxa2 20. Ke4 Nd7 21. Ra1 Nf6+ 22. Kd3 Bxd5 23. Ra7 Bxf3 24. gxf3 Kh8 25. c4 Ng8 26. Bd2 h5 27. Bc3+ Kh7 28. f4 Nh6 29. Rd7 Nf5 30. Ba5 Ra8 31. Bd8 Ra3+ 32. Ke2 Rxh3 33. Bxe7 Nxe7 34. Rxe7 Kg7 35. Rd7 Rc3 36. Rxd6 Rxc4 37. Kf3 Rc1 38. Rc6 c4 39. Kg2 c3 40. Kf3 Rg1 41. Rxc3 h4 42. Ke2 Kh6 43. f3 h3 0-1

[Event "Rio de Janeiro Estadual-ch"]
[Site "Rio de Janeiro"]
[Date "2021.11.13"]
[Round "1"]
[White "Manzi, Luiz Antonio Bardao"]
[Black "Lima, Stefan Moisei Vieir"]
[Result "0-1"]
[WhiteElo "2046"]
[BlackElo "1592"]
[PlyCount "116"]
[EventDate "2021.11.13"]
[EventType "swiss"]
[EventRounds "6"]
[EventCountry "BRA"]
[SourceTitle "CBM 205 Extra"]
[Source "ChessBase"]
[SourceDate "2022.01.31"]
[SourceVersion "1"]
[SourceVersionDate "2022.01.31"]
[SourceQuality "1"]

1. Nf3 Nf6 2. b3 g6 3. Bb2 Bg7 4. g3 0-0 5. Bg2 d5 6. 0-0 c6 7. d4 Bf5 8. Nbd2 Ne4 9. Nh4 Nxd2 10. Qxd2 Bc8 11. f4 Nd7 12. Nf3 Qb6 13. e3 Nf6 14. Ne5 Bf5 15. Qe2 Qd8 16. Rad1 Be4 17. Nd3 Bxg2 18. Kxg2 Ne4 19. Nf2 Nxf2 20. Rxf2 a5 21. a4 Qd7 22. c4 Rfb8 23. e4 dxc4 24. bxc4 b5 25. axb5 cxb5 26. c5 Qc6 27. Rc1 e6 28. Qf3 f5 29. exf5 Qxf3+ 30. Kxf3 gxf5 31. Re2 Kf7 32. Rce1 Ra6 33. g4 fxg4+ 34. Kxg4 Rd8 35. f5 exf5+ 36. Kxf5 Bxd4 37. Bxd4 Rxd4 38. Re7+ Kg8 39. Re8+ Kg7 40. R1e7+ Kh6 41. Rh8 Rd5+ 42. Ke4 Rd1 43. Rexh7+ Kg5 44. Rg8+ Rg6 45. h4+ Kf6 46. Rb8 Rg4+ 47. Kf3 Rgg1 48. Rb6+ Ke5 49. Rh5+ Kd4 50. Rd6+ Kc4 51. Rxd1 Rxd1 52. c6 Rd6 53. c7 Rc6 54. Ke4 Rxc7 55. Rh8 a4 56. h5 a3 57. h6 Ra7 58. h7 Kb4 0-1

[Event "Florianopolis op 6th"]
[Site "Florianopolis"]
[Date "2020.01.22"]
[Round "4"]
[White "Manzi, Luiz Antonio Bardao"]
[Black "De Freitas, Julio Eimard"]
[Result "1-0"]
[WhiteElo "2059"]
[BlackElo "1834"]
[PlyCount "87"]
[EventDate "2020.01.20"]
[EventType "swiss"]
[EventRounds "10"]
[EventCountry "BRA"]
[SourceTitle "CBM 194 Extra"]
[Source "ChessBase"]
[SourceDate "2020.03.31"]
[SourceVersion "1"]
[SourceVersionDate "2020.03.31"]
[SourceQuality "1"]

1. Nf3 d5 2. g3 e6 3. Bg2 f5 4. d3 Nf6 5. 0-0 Bd6 6. c4 c6 7. Nc3 0-0 8. Rb1 a5 9. a3 Qe7 10. Bg5 h6 11. Bd2 e5 12. cxd5 cxd5 13. Nb5 Nc6 14. d4 e4 15. Ne1 Bb8 16. f4 Ra6 17. Nc2 Bd7 18. a4 Na7 19. b4 Nxb5 20. axb5 Rb6 21. bxa5 Rxb5 22. Rxb5 Bxb5 23. Bb4 Bd6 24. Bxd6 Qxd6 25. Qd2 Ra8 26. Rb1 Bc6 27. Rb6 Nd7 28. Rb1 Qc7 29. Ra1 Nb8 30. Ne3 Qd7 31. Bh3 g6 32. g4 Qd6 33. gxf5 Qxf4 34. fxg6 Bd7 35. Bg2 Ra6 36. Rf1 Qg5 37. h4 Qxh4 38. Qb4 Qd8 39. Nxd5 Nc6 40. Qc5 Be6 41. Bxe4 Rxa5 42. Qc1 Qg5+ 43. Qxg5 hxg5 44. Nf6+ 1-0

[Event "Florianopolis op 6th"]
[Site "Florianopolis"]
[Date "2020.01.21"]
[Round "3"]
[White "Bernardes, Arthur Feliphe Stru"]
[Black "Manzi, Luiz Antonio Bardao"]
[Result "1-0"]
[WhiteElo "1828"]
[BlackElo "2059"]
[PlyCount "71"]
[EventDate "2020.01.20"]
[EventType "swiss"]
[EventRounds "10"]
[EventCountry "BRA"]
[SourceTitle "CBM 194 Extra"]
[Source "ChessBase"]
[SourceDate "2020.03.31"]
[SourceVersion "1"]
[SourceVersionDate "2020.03.31"]
[SourceQuality "1"]

1. e4 Nf6 2. Nc3 d6 3. d4 g6 4. Bd3 Bg7 5. Nge2 e5 6. f3 0-0 7. Be3 Nc6 8. Qd2 Nd7 9. d5 Ne7 10. g4 c6 11. 0-0-0 cxd5 12. Nxd5 Nxd5 13. exd5 Nb6 14. Nc3 Bd7 15. h4 Rc8 16. h5 Rxc3 17. bxc3 Nxd5 18. Bc4 Nxe3 19. Qxe3 Qa5 20. hxg6 hxg6 21. Qe4 Rc8 22. Bb3 Qa3+ 23. Kd2 d5 24. Qxd5 Be6 25. Qxb7 e4 26. Qxe4 Bxc3+ 27. Ke2 Qa6+ 28. Qd3 Qb6 29. Qd6 Bxb3 30. axb3 Re8+ 31. Kf1 Re1+ 32. Kg2 Re2+ 33. Kh3 Qf2 34. Qg3 Qc5 35. Rd8+ Kg7 36. Qh4 1-0

[Event "Rio de Janeiro Estadual-ch"]
[Site "Rio de Janeiro"]
[Date "2019.09.29"]
[Round "4"]
[White "Souza Jr, Helemberg Cubica De"]
[Black "Manzi, Luiz Antonio Bardao"]
[Result "0-1"]
[WhiteElo "1742"]
[BlackElo "2039"]
[PlyCount "72"]
[EventDate "2019.09.28"]
[EventType "swiss"]
[EventRounds "6"]
[EventCountry "BRA"]
[SourceTitle "EXT 2020"]
[Source "ChessBase"]
[SourceDate "2019.10.17"]
[SourceVersion "1"]
[SourceVersionDate "2019.10.17"]
[SourceQuality "1"]

1. e4 Nf6 2. e5 Nd5 3. c4 Nb6 4. d4 d6 5. Nf3 dxe5 6. Nxe5 N8d7 7. Nxd7 Qxd7 8. Be2 g6 9. 0-0 Bg7 10. Be3 0-0 11. Qd2 Rd8 12. Rd1 c6 13. Nc3 Qe8 14. c5 Nd5 15. Nxd5 Rxd5 16. b4 e5 17. Bc4 Rd8 18. Bg5 Rxd4 19. Qe2 Be6 20. Rxd4 exd4 21. Re1 h6 22. Bf4 a5 23. a3 axb4 24. axb4 Qd7 25. Bxe6 Qxe6 26. Qxe6 fxe6 27. g3 Kf7 28. Kg2 Ra2 29. Rd1 e5 30. Bd2 e4 31. h4 Ke6 32. g4 Kd5 33. Kg3 Ra3+ 34. Kg2 Rd3 35. Kf1 e3 36. Ke2 Rxd2+ 0-1

[Event "Rio de Janeiro Estadual-ch"]
[Site "Rio de Janeiro"]
[Date "2019.09.28"]
[Round "1"]
[White "Manzi, Luiz Antonio Bardao"]
[Black "Barbosa, Luiz Francisco da S"]
[Result "1-0"]
[WhiteElo "2039"]
[BlackElo "1748"]
[PlyCount "105"]
[EventDate "2019.09.28"]
[EventType "swiss"]
[EventRounds "6"]
[EventCountry "BRA"]
[SourceTitle "EXT 2020"]
[Source "ChessBase"]
[SourceDate "2019.10.17"]
[SourceVersion "1"]
[SourceVersionDate "2019.10.17"]
[SourceQuality "1"]

1. Nf3 Nf6 2. b3 g6 3. Bb2 Bg7 4. g3 0-0 5. Bg2 d5 6. d4 Bg4 7. 0-0 Qc8 8. Nbd2 Bh3 9. c4 Bxg2 10. Kxg2 e6 11. Rc1 c6 12. e3 Qd8 13. Ne5 Nbd7 14. f4 Nxe5 15. fxe5 Nd7 16. Ba3 Re8 17. Qf3 f5 18. Rc2 Bf8 19. Bxf8 Nxf8 20. Rfc1 Rc8 21. b4 Qd7 22. Nb3 b6 23. cxd5 cxd5 24. Qe2 Qb7 25. b5 Rc4 26. Kf2 Rec8 27. Rxc4 Rxc4 28. Rxc4 dxc4 29. Qxc4 Qh1 30. Qf1 Qxh2+ 31. Qg2 Qxg2+ 32. Kxg2 g5 33. Nd2 Ng6 34. Nc4 Ne7 35. Kf2 Nd5 36. Nd6 Nc3 37. Kf3 Kg7 38. a3 Kg6 39. Kg2 h5 40. Kf3 h4 41. gxh4 gxh4 42. Kg2 Nd5 43. e4 fxe4 44. Nxe4 Ne3+ 45. Kh3 Nf5 46. Nd6 Kg5 47. Nxf5 Kxf5 48. Kxh4 Kf4 49. Kh5 Kf5 50. Kh6 Ke4 51. Kg6 Kxd4 52. Kf6 Kd5 53. a4 1-0

[Event "Niteroi op 1st"]
[Site "Niteroi"]
[Date "2019.09.07"]
[Round "6"]
[White "Manzi, Luiz Antonio Bardao"]
[Black "Baldussi Fernandes, Bruno Mendonca"]
[Result "1-0"]
[WhiteElo "2039"]
[BlackElo "1750"]
[PlyCount "59"]
[EventDate "2019.09.04"]
[EventType "swiss"]
[EventRounds "7"]
[EventCountry "BRA"]
[SourceTitle "EXT 2020"]
[Source "ChessBase"]
[SourceDate "2019.10.17"]
[SourceVersion "1"]
[SourceVersionDate "2019.10.17"]
[SourceQuality "1"]

1. Nf3 b5 2. g3 Bb7 3. Bg2 Nf6 4. 0-0 c5 5. c3 e6 6. d4 d5 7. Nbd2 Nbd7 8. a4 a6 9. Re1 Bd6 10. e4 cxd4 11. e5 dxc3 12. bxc3 Ne4 13. exd6 Nxc3 14. Qb3 Nxa4 15. Rxa4 Nc5 16. Qc3 Nxa4 17. Qxg7 Rf8 18. Ng5 Qxd6 19. Nxe6 fxe6 20. Qxb7 Rb8 21. Qxh7 Nc5 22. Nf3 Ne4 23. Ng5 Qb4 24. Qg6+ Kd8 25. Nxe6+ Kc8 26. Rf1 Rb6 27. Be3 Rc6 28. Bh3 Kb8 29. Qg7 Re8 30. Qa7+ 1-0

[Event "Rio de Janeiro Andrade Memorial 3rd"]
[Site "Rio de Janeiro"]
[Date "2019.08.10"]
[Round "1"]
[White "Manzi, Luiz Antonio Bardao"]
[Black "Hubner, Jessica Trindade"]
[Result "1-0"]
[WhiteElo "2058"]
[BlackElo "1737"]
[PlyCount "79"]
[EventDate "2019.08.10"]
[EventType "swiss"]
[EventRounds "6"]
[EventCountry "BRA"]
[SourceTitle "EXT 2021"]
[Source "ChessBase"]
[SourceDate "2020.10.23"]
[SourceVersion "1"]
[SourceVersionDate "2020.10.23"]
[SourceQuality "1"]

1. Nf3 d5 2. b3 Nf6 3. Bb2 c5 4. e3 e6 5. d4 b6 6. Nbd2 Bd6 7. Bd3 Bb7 8. 0-0 Nbd7 9. Ne5 Qc7 10. f4 cxd4 11. exd4 h5 12. Qe2 a6 13. Rae1 Bxe5 14. fxe5 Ng8 15. Ba3 Nf8 16. Bxf8 Kxf8 17. Bg6 Nh6 18. Rf4 Ke8 19. Bd3 g6 20. c4 Nf5 21. cxd5 Bxd5 22. Bxf5 gxf5 23. Nc4 Rg8 24. g3 Ke7 25. Ne3 Bb7 26. d5 Bxd5 27. Nxd5+ exd5 28. e6 f6 29. Qxh5 Rg7 30. Qxf5 Qc5+ 31. Kg2 Rf8 32. Rg4 Rfg8 33. Rxg7+ Rxg7 34. Re2 Qd6 35. Qh5 d4 36. Qh8 Qd5+ 37. Kg1 Qg5 38. Qc8 Qb5 39. Qc7+ Kf8 40. e7+ 1-0

[Event "American Continental 15th"]
[Site "Sao Paulo"]
[Date "2019.07.11"]
[Round "9"]
[White "Manzi, Luiz Antonio Bardao"]
[Black "Gazola, Vanessa Ramos"]
[Result "0-1"]
[WhiteElo "2092"]
[BlackElo "1954"]
[PlyCount "84"]
[EventDate "2019.07.05"]
[EventType "swiss"]
[EventRounds "11"]
[EventCountry "BRA"]
[SourceTitle "CBM 191 Extra"]
[Source "ChessBase"]
[SourceDate "2019.09.30"]
[SourceVersion "1"]
[SourceVersionDate "2019.09.30"]
[SourceQuality "1"]

1. Nf3 d5 2. g3 Bg4 3. Bg2 Nd7 4. d4 e6 5. 0-0 Ngf6 6. Nbd2 c6 7. c4 Be7 8. b3 0-0 9. Bb2 b5 10. h3 Bh5 11. g4 Bg6 12. Ne5 Nxe5 13. dxe5 Nd7 14. cxb5 cxb5 15. e4 Nb6 16. Rc1 dxe4 17. Nxe4 Nd5 18. Qd4 Nf4 19. Nf6+ Bxf6 20. Qxf4 Bg5 21. Qd4 Bxc1 22. Rxc1 Qxd4 23. Bxd4 Rac8 24. Bc5 b4 25. Bf1 Rfd8 26. a3 a5 27. axb4 axb4 28. Kg2 Rd5 29. Be3 Rxc1 30. Bxc1 Rxe5 31. Bd2 Be4+ 32. f3 Bd5 33. Bxb4 Bxb3 34. Bd2 Rc5 35. Be3 Rc3 36. Bd4 Rc2+ 37. Kg3 Bd5 38. h4 f6 39. g5 e5 40. Bf2 f5 41. Bh3 Rc3 42. Bg2 Bxf3 0-1